00723nam a22002057a 450000500170000001000150001702000250003203500140005703700130007108200080008424501020009226000420019427000400023630000200027650000430029670000200033994200220035999900190038195201170040020180706123849.0 aENG-123395 c90.00 a10HE000061 aEN-106927 bDBAD/PUB a88000aEssays of wisdom :ced. by Madhavi Moharil [and] Sudesh Bhowateban anthology of english essays / aNew DelhibS. Chand and Companyc2018 a7361, Ram Nagar,bNew Delhie110055 a80p.c21cm(pbk) aIt includes glossary and comprehension aBhowate, Sudesh 2ddccENmESSh880 c153492d153492 001040718NFICaDBADbLd2018-07-06eDBAD/PUBg90.00l0o880 ESSpEN-106927r2018-07-06 00:00:00t1v90.00yEN